Más Alla del karmá / (Registro nro. 23527)
[ vista simple ]
| 000 -CABECERA | |
|---|---|
| campo de control de longitud fija | 00747nam a2200241 a 4500 |
| 001 - NÚMERO DE CONTROL | |
| campo de control | 000024032 |
| 005 - FECHA Y HORA DE LA ÚLTIMA TRANSACCIÓN | |
| campo de control | 20260202095302.0 |
| 008 - DATOS DE LONGITUD FIJA--INFORMACIÓN GENERAL | |
| campo de control de longitud fija | 110118s2003 ag a r 000 0 spa d |
| 020 ## - NÚMERO INTERNACIONAL ESTÁNDAR DEL LIBRO | |
| Número Internacional Estándar del Libro | 9501702065 |
| 040 ## - FUENTE DE LA CATALOGACIÓN | |
| Centro catalogador/agencia de origen | DO-SdBNP |
| Lengua de catalogación | spa |
| Centro/agencia transcriptor | BNPHU |
| 041 17 - CÓDIGO DE LENGUA | |
| Código de lengua del texto/banda sonora o título independiente | spa |
| -- | por |
| Fuente del código | Código de idioma MARC |
| 082 ## - NÚMERO DE LA CLASIFICACIÓN DECIMAL DEWEY | |
| Número de clasificación | 291.4 |
| Número de documento/Ítem | T828m, 2003 |
| 049 ## - FONDOS LOCALES (OCLC) | |
| Fondos de biblioteca | BNGR |
| 100 1# - ENTRADA PRINCIPAL--NOMBRE DE PERSONA | |
| Nombre de persona | Trigueirinho |
| 9 (RLIN) | 44288 |
| 240 10 - TÍTULO UNIFORME | |
| Título uniforme | Além do carma. |
| Lenguaje de la obra | Español. |
| 245 10 - MENCIÓN DE TÍTULO | |
| Título | Más Alla del karmá / |
| Mención de responsabilidad, etc. | José Trigueirinho Netto. |
| 250 ## - MENCIÓN DE EDICIÓN | |
| Mención de edición | 4a ed. |
| 260 ## - PUBLICACIÓN, DISTRIBUCIÓN, ETC. | |
| Lugar de publicación, distribución, etc. | Buenos Aires, (Argentina) : |
| Nombre del editor, distribuidor, etc. | Editorial Kier, |
| Fecha de publicación, distribución, etc. | 2003. |
| 300 ## - DESCRIPCIÓN FÍSICA | |
| Extensión | 108, [4] p. : |
| Otras características físicas | il. ; |
| Dimensiones | 20 cm. |
| 534 ## - NOTA SOBRE LA VERSIÓN ORIGINAL | |
| Encabezamiento principal del original | Título original en portugués: |
| Mención de título del original | Além do carma. |
| 650 #0 - PUNTO DE ACCESO ADICIONAL DE MATERIA--TÉRMINO DE MATERIA | |
| Término de materia o nombre geográfico como elemento de entrada | Espiritualidad |
| 9 (RLIN) | 613 |
| 650 #0 - PUNTO DE ACCESO ADICIONAL DE MATERIA--TÉRMINO DE MATERIA | |
| Término de materia o nombre geográfico como elemento de entrada | Vida espiritual |
| 9 (RLIN) | 268 |
| Estado de retiro | Estado de pérdida | Restricciones de uso | No para préstamo | Código de colección | Localización permanente | Ubicación/localización actual | Ubicación en estantería | Fecha de adquisición | Número de inventario | Total de préstamos | Signatura topográfica completa | Código de barras | Fecha visto por última vez | Precio válido a partir de | Tipo de ítem Koha |
|---|---|---|---|---|---|---|---|---|---|---|---|---|---|---|---|
| Monografías: Libros y Folletos | General | General | En catalogación | 18.01.2011 | LF1 | 291.4 T828m, 2003 | 24032-10 | 25.06.2020 | 25.06.2020 | Préstamo en sala |
